000 00404nam a2200145Ia 4500
008 230917s9999||||xx |||||||||||||| ||und||
040 _e88554
_aMAIN
041 _aEnglish
082 _a181.4 S64I
100 _aSingh, Charu Sheel
245 0 _aImmortal paradigms: Sri Aurobindo home coming centenary volume
260 _aNew Delhi
_bAnmol Publications
_c2002
300 _axxvii, 237 p.
942 _cBK
999 _c113481
_d113481